000 00800nam a2200229Ia 4500
999 _c36128
_d36128
001 2028
003 GE_BSU
005 20190423143958.0
008 181216s2007||||ru |||||||||||||| ||rus||
020 _a9785951602367
040 _cGE_BSU
041 _arus
080 _a347.2/3(075.8) Р-51
245 _aРимское частное право:
_bучебник /
_cПод ред.И.Б.Новицкого и И.С.Перетерского.
264 _aМосква :
_bЮриспруденция,
_c2007.
300 _a464 с.;
_b21 см.
653 _aსამართალი
653 _aრომის კერძო სამართალი
700 _aНовицкий ,И. Б.
_9400
700 _aПеретерский, И. С.
_eредактор
_9401
942 _cBK
_2udc